El yo y su cerebro / (Record no. 121371)

MARC details
000 -LEADER
campo de control de longitud fija 00631nam a2200205 4500
001 - NÚMERO DE CONTROL
campo de control 121371
003 - IDENTIFICADOR DE NÚMERO DE CONTROL
campo de control ES-MaACL
005 - FECHA Y HORA DE LA ÚLTIMA TRANSACCIÓN
campo de control 20250813050620.0
007 - CAMPO FIJO DE DESCRIPCIÓN FÍSICA--INFORMACIÓN GENERAL
campo de control de longitud fija t|
008 - DATOS DE LONGITUD FIJA--INFORMACIÓN GENERAL
campo de control de longitud fija 070214s1982 sp r ||||1| spa d
100 1# - ENTRADA PRINCIPAL--NOMBRE DE PERSONA
Nombre de persona Popper, Karl Raimund.
9 (RLIN) 93108
245 13 - MENCIÓN DEL TÍTULO
Título El yo y su cerebro /
Mención de responsabilidad, etc. Karl R. Popper, John C. Eccles ; traducción de C. Solís Santos.
250 ## - MENCION DE EDICION
Mención de edición 1ª. ed.
260 ## - PUBLICACIÓN, DISTRIBUCIÓN, ETC.
Lugar de publicación, distribución, etc. Barcelona :
Nombre del editor, distribuidor, etc. Labor,
Fecha de publicación, distribución, etc. 1982.
300 ## - DESCRIPCIÓN FÍSICA
Extensión XVIII, 667 p. :
Otras características físicas il. ;
Dimensiones 22 cm.
700 1# - ENTRADA AGREGADA--NOMBRE PERSONAL
Nombre de persona Eccles, John C.
9 (RLIN) 46481
700 1# - ENTRADA AGREGADA--NOMBRE PERSONAL
Nombre de persona Solís Santos, Carlos,
Fechas asociadas al nombre 1945-
9 (RLIN) 107220
852 ## - LOCALIZACIÓN
Ubicación ES-MaACL
Número de control de estantería L-4636
Sublocalización o colección R.105372
Holdings
Estatus retirado Estado de pérdida Estado de daño No para préstamo Biblioteca de origen Biblioteca actual Ubicación en estantería Fecha de adquisición Fuente de adquisición Total de préstamos Signatura topográfica completa Código de barras Visto por última vez Precio de reemplazo Tipo de ítem Koha
        Biblioteca del Ateneo de Madrid Biblioteca del Ateneo de Madrid Depósito 2 17/01/2008     L-4636 1126490 23/02/2023 23/02/2023 Libro impreso